COLLEGE ACCOUNTING (Record no. 1468)

MARC details
000 -LEADER
fixed length control field 00344nam a2200145Ia 4500
008 - FIXED-LENGTH DATA ELEMENTS--GENERAL INFORMATION
fixed length control field 240624s9999 xx 000 0 und d
041 ## - LANGUAGE CODE
Language code of text/sound track or separate title eng
082 ## - DEWEY DECIMAL CLASSIFICATION NUMBER
Classification number 657 DAN
100 ## - MAIN ENTRY--PERSONAL NAME
Personal name DANSBY ROBERT L
245 ## - TITLE STATEMENT
Title COLLEGE ACCOUNTING
250 ## - EDITION STATEMENT
Edition statement (4th ed.)
260 ## - PUBLICATION, DISTRIBUTION, ETC.
Date of publication, distribution, etc. 2000
Place of publication, distribution, etc. Delhi
Name of publisher, distributor, etc. A.I.T.B.S.
300 ## - PHYSICAL DESCRIPTION
Extent xxviii, : 1061 : cm. ; 27
365 ## - TRADE PRICE
Currency code RS
Holdings
Withdrawn status Lost status Damaged status Not for loan Home library Current library Shelving location Date acquired Source of acquisition Cost, normal purchase price Total Checkouts Total Holds Full call number Barcode Date last seen Copy number Price effective from Koha item type
        IMTN IMTN Rack 20-A 12/02/2004 AITBS 450.00   238 657 DAN 1468 06/24/2024 1 06/24/2024 Books
Designed & Maintained by: LRC IMT Nagpur Contact: lrc@imtnag.ac.in© 2024. All Rights Reserved.